Tram stops Gothenburg: number 8 - Statistics

General Stats
  • This quiz has been taken 27 times
  • The average score is 17 of 25
Answer Stats
Order Answer % Correct
12 Chalmers
100%
13 Korsvägen
100%
15 Ullevi södra
100%
14 Scandinavium
95%
16 Ullevi norra
95%
8 Botaniska trädgården
90%
7 Marklandsgatan
86%
9 Sahlgrenska H
86%
17 Svingeln
86%
11 Wavrinskys plats
86%
1 Frölunda torg
81%
10 Meddicinaregatan
81%
19 Redbergsplatsen
71%
25 Angered centrum
62%
21 Gamlestadstorg
57%
3 Musikvägen
57%
18 Olskroken
57%
5 Lantmilsgatan
48%
4 Nymilsgatan
48%
2 Positivgatan
48%
20 Ejdergatan
43%
22 Hjällbo
43%
6 Axel dalströmstorg
38%
23 Hammarkullen
38%
24 Storås
19%
No matching quizzes found
Score Distribution
Percent of People with Each Score
Percentile by Number Answered
Your Score History
You have not taken this quiz